| 000 | 00816nam a22002297a 4500 | ||
|---|---|---|---|
| 001 | 5062 | ||
| 003 | FISKH | ||
| 005 | 20241105113405.0 | ||
| 008 | 241104b cb ||||| |||| 00| 0 eng d | ||
| 020 | _a9780399527753 | ||
| 040 |
_aFISKH _beng _cFISKH _dFISKH |
||
| 082 | _a793.8 | ||
| 100 | _aGreen, Joey | ||
| 245 |
_aThe Mad Scientist Handbook 2 / _cby Joey Green |
||
| 260 |
_aNew York : _bA Perigee Book : _c2002 . |
||
| 300 |
_a117 pages : _billustrations ; _c24 cm . |
||
| 520 | _aA collection of experiments that can be performed using ordinary household objects, such as making a battery from money or a beach ball-powered elevator, plus explanations of why each works. | ||
| 650 |
_ascience experiments _vnon-fiction |
||
| 700 |
_aBjorklund, Charles _edesigner |
||
| 942 |
_2ddc _cBK _n0 |
||
| 999 |
_c5062 _d5062 |
||